00411 2200169 4500245004600000020001800046250001100064100001900075700001800094650002400112005001900136260003000155041001400185084001100199300002200210336000900232 aRemaja Doyan NontoncEkky Al-MalakyhText a979-3512-78-4 aCet. 1 aEkky Al-Malaky asalman Faridi aFilm dan Pendidikan a20230126151540 aBandungbDAR! Mizanc2004 aIndonesia a791.43 a144 hlm. :cilus. atext